000 00527nam a2200229Ia 4500
003 OSt
005 20220918231933.0
006 a|||||r|||| 00| 0
007 ta
008 220917b |||||||| |||| 00| 0 eng d
024 _a352,346
037 _cTextual
040 _aARTS
_cARTS
_beng
041 _2eng
_aeng
082 _aL:2, J8
245 0 _aHuman anatomy
260 _aNew York
_c1958
300 _a1669
_ccm.
650 _aMEDICINE
_94387
942 _hL:2, J8
_cTEXL
_2CC
999 _c292793
_d292793